Verwaltungseinheiten Asiens (mit Karte) - Statistiken

Allgemein
  • Dieses Quiz wurde 5 mal gespielt
  • Das Durchschnittsergebnis liegt bei 90 aus 1044
Antworten auf der Karte
Die Antworten werden auf der Karte rot bzw. grün angezeigt, abhängig davon wie oft sie richtig erraten wurden.
 
Antwortstatistiken
Land Art Verwaltungseinheit % Korrekt
Japan Präfektur Tokio
100%
Vereinigte Arabische Emirate Imārat (Emirat) Abu Dhabi
80%
Türkei İl (Provinz) Ankara
80%
Irak Muḥāfaẓa (Gouvernement) Baghdad
80%
Thailand Hauptstadt Bangkok
80%
Japan Präfektur Fukushima
80%
Japan Präfektur Hiroshima
80%
Türkei İl (Provinz) Istanbul
80%
Russland Stadt mit Subjektstatus Moskau
80%
Russland Oblast (Gebiet) Moskau
80%
Türkei İl (Provinz) Muş
80%
Japan Präfektur Osaka
80%
Kirgistan Schaar (Stadt) Osh
80%
China Zhíxiáshì (provinzfreie Stadt) Peking
80%
Südkorea Teukbyeolsi (Besondere Stadt) Seoul
80%
Nepal Provinz Sudurpashchim
80%
Georgien Hauptstadt Tbilisi
80%
Sri Lanka Paḷāta (Provinz) Western
80%
Kasachstan Oblystar (Region) Westkasachstan
80%
Türkei İl (Provinz) Antalya
60%
Bangladesch Bibhag (Division) Dhaka
60%
Mongolei Aimags (Provinz) Dornod
60%
Vereinigte Arabische Emirate Imārat (Emirat) Dubai
60%
Sri Lanka Paḷāta (Provinz) Eastern
60%
Pakistan Administrative territory (Sonderterritorium unter Bundesverwaltung) Gilgit-Baltistan
60%
Türkei İl (Provinz) İzmir
60%
Afghanistan Velayat (Provinz) Kabul
60%
Malaysia Wilayah persekutuan (Bundesterritorium) Kuala Lumpur
60%
Japan Präfektur Kyōto
60%
Malediven Distrikt (Atoll) Maalhosmadulu Dhekunuburi
60%
Saudi-Arabien Mintaqa (Region) Medina
60%
Saudi-Arabien Mintaqa (Region) Mekka
60%
Myanmar Autonome Region Naga
60%
Japan Präfektur Nagasaki
60%
Philippinen Rehiyon (Region) National Capital
60%
Zypern Baf (Bezirk) Nikosia
60%
Bahrain Muḥāfaẓa (Gouvernement) Northern
60%
Papua-Neuguinea Province (Provinz) Oro
60%
Thailand Changwat (Provinz) Phuket
60%
Nordkorea Direkt verwaltete Stadt Pjöngjang
60%
Jemen Muḥāfaẓa (Gouvernement) Sanaa
60%
Myanmar Staat Shan
60%
China Zhíxiáshì (provinzfreie Stadt) Shanghai
60%
Bahrain Muḥāfaẓa (Gouvernement) Southern
60%
Sri Lanka Paḷāta (Provinz) Southern
60%
Indonesien Daerah Khusus Ibukota (Sonderregion) Special Capital Region of Jakarta
60%
Iran Ostān (Provinz) Teheran
60%
China Zìzhìqū (Autonome Region) Tibet
60%
Kasachstan Oblystar (Region) Türkistan
60%
Turkmenistan Welaýat (Distrikt) Ahal
40%
Syrien Muḥāfaẓa (Gouvernement) Aleppo
40%
Kasachstan Republikalyq mangysy bar qala (Stadt) Almaty
40%
Kasachstan Oblystar (Region) Almaty
40%
Jordanien Muḥāfaẓa (Gouvernement) Amman
40%
Turkmenistan Welaýat (Distrikt) Aşgabat
40%
Aserbaidschan Şəhər (Stadt) Baku
40%
Indonesien Propinsi (Provinz) Bali
40%
Irak Muḥāfaẓa (Gouvernement) Basra
40%
Libanon Muḥāfaẓa (Gouvernement) Beirut
40%
Bahrain Muḥāfaẓa (Gouvernement) Capital
40%
Myanmar Staat Chin
40%
Südkorea Gwangyeoksi (Grossstadt) Daegu
40%
Russland Respublika (Republik) Dagestan
40%
Syrien Muḥāfaẓa (Gouvernement) Damaskus
40%
Tadschikistan Schahr (Der Republik unterstellte Gebiete) Duschanbe
40%
Türkei İl (Provinz) Edirne
40%
Irak Muḥāfaẓa (Gouvernement, Autonome Region Kurdistan) Erbil
40%
Japan Präfektur Fukuoka
40%
China Shěng (Provinz) Hainan
40%
Pakistan Capital Territory (Hauptstadtterritorium) Hauptstadtterritorium Islamabad
40%
Afghanistan Velayat (Provinz) Herat
40%
China Tèbié Xíngzhèngqū (Sonderverwaltungszone) Hong Kong
40%
Südkorea Gwangyeoksi (Grossstadt) Incheon
40%
Russland Oblast (Gebiet) Irkutsk
40%
Russland Awtonomnaja Oblast (Autonome Oblast) Jüdische Autonome Oblast
40%
Afghanistan Velayat (Provinz) Kandahar
40%
Russland Territorium Krasnojarsk
40%
China Tèbié Xíngzhèngqū (Sonderverwaltungszone) Macau
40%
Malediven Distrikt (Atoll) Malé
40%
Malediven Stadt Malé
40%
Turkmenistan Welaýat (Distrikt) Mary
40%
Sri Lanka Paḷāta (Provinz) Northern
40%
Russland Oblast (Gebiet) Nowosibirsk
40%
Kasachstan Republikalyq mangysy bar qala (Stadt) Nur-Sultan
40%
Japan Präfektur Okinawa
40%
Russland Oblast (Gebiet) Omsk
40%
Russland Oblast (Gebiet) Orenburg
40%
Indonesien Propinsi (Provinz) Papua
40%
Kambodscha Khet (Provinz) Phnom Penh
40%
Pakistan Province (Provinz) Punjab
40%
Iran Ostān (Provinz) Qom
40%
Russland Respublika (Republik) Sacha
40%
Russland Oblast (Gebiet) Sachalin
40%
Türkei İl (Provinz) Samsun
40%
Georgien Mchareebi (Region) Samzche-Dschawachetien
40%
Russland Stadt mit Subjektstatus Sankt Petersburg
40%
China Shěng (Provinz) Sichuan
40%
Taiwan Stadt Taipei
40%
Usbekistan Shahar (Stadt mit Provinzrang) Tashkent
40%
Usbekistan Viloyatlar (Provinz) Tashkent
40%
Bhutan Dzongkhag (Distrikt) Thimphu
40%
Russland Oblast (Gebiet) Tomsk
40%
Mongolei Hauptstadt Ulaanbaatar
40%
Laos Kampheng nakhon (Präfektur) Vientiane
40%
Laos Khoueng (Provinz) Vientiane
40%
Papua-Neuguinea Province (Provinz) Western
40%
Russland Oblast (Gebiet) Wolgograd
40%
Myanmar Region Yangon
40%
Indonesien Propinsi (Provinz) Aceh
20%
Türkei İl (Provinz) Adana
20%
Oman Muḥāfaẓa (Gouvernement) Ad Dakhiliyah
20%
Vereinigte Arabische Emirate Imārat (Emirat) Adschman
20%
Irak Muḥāfaẓa (Gouvernement) al-Anbar
20%
Russland Respublika (Republik) Altai
20%
Russland Territorium Altai
20%
Russland Oblast (Gebiet) Amur
20%
Usbekistan Viloyatlar (Provinz) Andijon
20%
Japan Präfektur Aomori
20%
Kasachstan Oblystar (Region) Aqtöbe
20%
Russland Oblast (Gebiet) Archangelsk
20%
Saudi-Arabien Mintaqa (Region) Ar-Riyad
20%
Pakistan Self-governing entity (Teilautonomes Gebiet) Asad Jammu und Kaschmir
20%
Kasachstan Oblystar (Region) Atyrau
20%
Libanon Muḥāfaẓa (Gouvernement) Baalbek-Hermel
20%
Turkmenistan Welaýat (Distrikt) Balkan
20%
Afghanistan Velayat (Provinz) Bamiyan
20%
Indonesien Propinsi (Provinz) Bangka-Belitung
20%
Indonesien Propinsi (Provinz) Banten
20%
Russland Oblast (Gebiet) Belgorod
20%
Pakistan Province (Provinz) Belutschistan
20%
Indonesien Propinsi (Provinz) Bengkulu
20%
Kirgistan Schaar (Stadt) Bishkek
20%
Russland Respublika (Republik) Burjatien
20%
Türkei İl (Provinz) Bursa
20%
Südkorea Gwangyeoksi (Grossstadt) Busan
20%
Russland Territorium Chabarowsk
20%
Russland Respublika (Republik) Chakassien
20%
Russland Awtonomny Okrug (Autonomer Kreis) Chanten und Mansen
20%
Bangladesch Bibhag (Division) Chittagong
20%
Iran Ostān (Provinz) Chuzestān
20%
Südkorea Gwangyeoksi (Grossstadt) Daejeon
20%
Türkei İl (Provinz) Denizli
20%
Osttimor Município (Gemeinde) Dili
20%
Türkei İl (Provinz) Diyarbakır
20%
Katar Baladiyya (Gemeinde) Doha
20%
Türkei İl (Provinz) Erzincan
20%
Türkei İl (Provinz) Erzurum
20%
Iran Ostān (Provinz) Fārs
20%
Vereinigte Arabische Emirate Imārat (Emirat) Fudschaira
20%
Afghanistan Velayat (Provinz) Ghor
20%
Indonesien Propinsi (Provinz) Gorontalo
20%
Mongolei Aimags (Provinz) Govi-Altai
20%
China Shěng (Provinz) Guangdong
20%
Syrien Muḥāfaẓa (Gouvernement) Hama
20%
Iran Ostān (Provinz) Hamadān
20%
Japan Präfektur Hokkaido
20%
Syrien Muḥāfaẓa (Gouvernement) Homs
20%
China Shěng (Provinz) Hubei
20%
China Zìzhìqū (Autonome Region) Innere Mongolei
20%
Jordanien Muḥāfaẓa (Gouvernement) Irbid
20%
Iran Ostān (Provinz) Isfahān
20%
Russland Awtonomny Okrug (Autonomer Kreis) Jamal-Nenzen
20%
Indonesien Propinsi (Provinz) Jambi
20%
Russland Oblast (Gebiet) Jaroslawl
20%
Indonesien Propinsi (Provinz) Jawa Barat
20%
Indonesien Propinsi (Provinz) Jawa Tengah
20%
Indonesien Propinsi (Provinz) Jawa Timur
20%
Südkorea Teukbyeol-jachi-do (Sonderautonomieprovinz) Jeju
20%
Armenien Gemeinde Jerewan
20%
China Shěng (Provinz) Jilin
20%
Indonesien Propinsi (Provinz) Kalimantan Barat
20%
Indonesien Propinsi (Provinz) Kalimantan Selatan
20%
Indonesien Propinsi (Provinz) Kalimantan Tengah
20%
Indonesien Propinsi (Provinz) Kalimantan Timur
20%
Indonesien Propinsi (Provinz) Kalimantan Utara
20%
Russland Oblast (Gebiet) Kaliningrad
20%
Taiwan Stadt Kaohsiung
20%
Jordanien Muḥāfaẓa (Gouvernement) Karak
20%
Türkei İl (Provinz) Kars
20%
Türkei İl (Provinz) Kayseri
20%
Russland Oblast (Gebiet) Kemerowo
20%
Indonesien Propinsi (Provinz) Kepulauan Riau
20%
Iran Ostān (Provinz) Kermān
20%
Iran Ostān (Provinz) Kermānschāh
20%
Bangladesch Bibhag (Division) Khulna
20%
Pakistan Province (Provinz) Khyber Pakhtunkhwa
20%
Irak Muḥāfaẓa (Gouvernement) Kirkuk
20%
Russland Oblast (Gebiet) Kirow
20%
Russland Respublika (Republik) Komi
20%
Türkei İl (Provinz) Konya
20%
Russland Territorium Krasnodar
20%
Afghanistan Velayat (Provinz) Kundus
20%
Iran Ostān (Provinz) Kurdistan
20%
Russland Oblast (Gebiet) Kurgan
20%
Russland Oblast (Gebiet) Kursk
20%
Indonesien Propinsi (Provinz) Lampung
20%
Syrien Muḥāfaẓa (Gouvernement) Latakia
20%
Russland Oblast (Gebiet) Leningrad
20%
Russland Oblast (Gebiet) Magadan
20%
Indonesien Propinsi (Provinz) Maluku
20%
Indonesien Propinsi (Provinz) Maluku Utara
20%
Myanmar Region Mandalay
20%
Türkei İl (Provinz) Mardin
20%
Oman Muḥāfaẓa (Gouvernement) Maskat
20%
Türkei İl (Provinz) Mersin
20%
Myanmar Staat Mon
20%
Russland Oblast (Gebiet) Murmansk
20%
Thailand Changwat (Provinz) Nan
20%
Papua-Neuguinea National Capital District (Hauptstadt-Distrikt) National Capital District
20%
Myanmar Unionsterritorium Naypyidaw
20%
Russland Awtonomny Okrug (Autonomer Kreis) Nenzen
20%
Japan Präfektur Niigata
20%
Singapur Community Development Council-Distrikt North East
20%
Singapur Community Development Council-Distrikt North West
20%
Sri Lanka Paḷāta (Provinz) North Western
20%
Indonesien Propinsi (Provinz) Nusa Tenggara Barat
20%
Indonesien Propinsi (Provinz) Nusa Tenggara Timur
20%
Kirgistan Oblus (Gebiet) Osch
20%
Zypern Baf (Bezirk) Paphos
20%
Indonesien Propinsi (Provinz) Papua Barat
20%
Russland Kraj (Region) Perm
20%
Russland Territorium Primorje
20%
Indonesien Propinsi (Provinz) Riau
20%
Russland Oblast (Gebiet) Rostow
20%
Russland Oblast (Gebiet) Samara
20%
Usbekistan Viloyatlar (Provinz) Samarqand
20%
Türkei İl (Provinz) Şanlıurfa
20%
Russland Oblast (Gebiet) Saratow
20%
Kasachstan Republikalyq mangysy bar qala (Stadt) Schymkent
20%
China Shěng (Provinz) Shaanxi
20%
China Shěng (Provinz) Shaanxi
20%
Japan Präfektur Shizuoka
20%
Pakistan Province (Provinz) Sindh
20%
Iran Ostān (Provinz) Sistan und Belutschistan
20%
Türkei İl (Provinz) Sivas
20%
Singapur Community Development Council-Distrikt South East
20%
Singapur Community Development Council-Distrikt South West
20%
Indonesien Daerah Istimewa (Sonderregion) Special Region of Yogyakarta
20%
Indonesien Propinsi (Provinz) Sulawesi Barat
20%
Indonesien Propinsi (Provinz) Sulawesi Selatan
20%
Indonesien Propinsi (Provinz) Sulawesi Tengah
20%
Indonesien Propinsi (Provinz) Sulawesi Utara
20%
Indonesien Propinsi (Provinz) Sumatra Barat
20%
Indonesien Propinsi (Provinz) Sumatra Selatan
20%
Indonesien Propinsi (Provinz) Sumatra Utara
20%
Thailand Changwat (Provinz) Surat Thani
20%
Thailand Changwat (Provinz) Surin
20%
Russland Oblast (Gebiet) Swerdlowsk
20%
Saudi-Arabien Mintaqa (Region) Tabuk
20%
Taiwan Stadt Taichung
20%
Taiwan Stadt Tainan
20%
Taiwan Stadt Taoyuan
20%
Russiland Respublika (Republik) Tatarstan
20%
Türkei İl (Provinz) Tekirdağ
20%
China Zhíxiáshì (provinzfreie Stadt) Tianjin
20%
Russland Oblast (Gebiet) Tjumen
20%
Mongolei Aimags (Provinz) Töv
20%
Türkei İl (Provinz) Trabzon
20%
Russland Kraj (Region) Transbaikalien
20%
Russland Respublika (Republik) Tschetschenien
20%
Russland Awtonomny Okrug (Autonomer Kreis) Tschukotka
20%
Russland Respublika (Republik) Tuva
20%
Russland Oblast (Gebiet) Twer
20%
Russland Respublika (Republik) Udmurtien
20%
Südkorea Gwangyeoksi (Grossstadt) Ulsan
20%
Katar Baladiyya (Gemeinde) Umm Salal
20%
Türkei İl (Provinz) Van
20%
Russland Oblast (Gebiet) Woronesch
20%
Iran Ostān (Provinz) Yazd
20%
China Shěng (Provinz) Yunnan
20%
Jordanien Muḥāfaẓa (Gouvernement) Zarqa
20%
Georgien Awtonomiuri respublika (Autonome Republik) Abchasien
0%
Aserbaidschan Rayon Abşeron
0%
Jemen Muḥāfaẓa (Gouvernement) Abyan
0%
Jemen Muḥāfaẓa (Gouvernement) ʿAdan
0%
Katar Baladiyya (Gemeinde) Ad-Daʿayan
0%
Oman Muḥāfaẓa (Gouvernement) Ad Dhahirah
0%
Malediven Stadt Addu City
0%
Türkei İl (Provinz) Adıyaman
0%
Georgien Awtonomiuri respublika (Autonome Republik) Adscharien
0%
Jordanien Muḥāfaẓa (Gouvernement) Adschlun
0%
Russland Respublika (Republik) Adygeja
0%
Türkei İl (Provinz) Afyonkarahisar
0%
Aserbaidschan Rayon Ağdam
0%
Aserbaidschan Rayon Ağdaş
0%
Aserbaidschan Rayon Aghjabadi
0%
Türkei İl (Provinz) Ağrı
0%
Aserbaidschan Rayon Ağstafa
0%
Aserbaidschan Rayon Ağsu
0%
Japan Präfektur Aichi
0%
Osttimor Município (Gemeinde) Aileu
0%
Osttimor Município (Gemeinde) Ainaro
0%
Japan Präfektur Akita
0%
Libanon Muḥāfaẓa (Gouvernement) Akkar
0%
Türkei İl (Provinz) Aksaray
0%
Kuwait Muḥāfaẓa (Gouvernement) al-Ahmadi
0%
Kuwait Muḥāfaẓa (Gouvernement) al-Asima
0%
Saudi-Arabien Mintaqa (Region) Al-Baha
0%
Jemen Muḥāfaẓa (Gouvernement) Al-Baidā'
0%
Oman Muḥāfaẓa (Gouvernement) Al Batinah Nord
0%
Oman Muḥāfaẓa (Gouvernement) Al Batinah Süd
0%
Iran Ostān (Provinz) Alborz
0%
Oman Muḥāfaẓa (Gouvernement) Al Buraimi
0%
Katar Baladiyya (Gemeinde) Al-Chaur
0%
Kuwait Muḥāfaẓa (Gouvernement) al-Dschahra
0%
Saudi-Arabien Mintaqa (Region) Al-Dschauf
0%
Jemen Muḥāfaẓa (Gouvernement) Al-Dschauf
0%
Kuwait Muḥāfaẓa (Gouvernement) al-Farwaniyya
0%
Syrien Muḥāfaẓa (Gouvernement) Al-Hasaka
0%
Jemen Muḥāfaẓa (Gouvernement) Al-Hudaida
0%
Saudi-Arabien Mintaqa (Region) Al-Hudud asch-schamaliyya
0%
Malediven Distrikt (Atoll) Alif Alif
0%
Jemen Muḥāfaẓa (Gouvernement) Al-Mahra
0%
Jemen Muḥāfaẓa (Gouvernement) Al-Mahwīt
0%
Irak Muḥāfaẓa (Gouvernement) al-Muthanna
0%
Irak Muḥāfaẓa (Gouvernement) al-Qadisiya
0%
Saudi-Arabien Mintaqa (Region) Al-Qasim
0%
Katar Baladiyya (Gemeinde) Al-Wakra
0%
Irak Muḥāfaẓa (Gouvernement) al-Wasit
0%
Oman Muḥāfaẓa (Gouvernement) Al Wusta
0%
Jemen Muḥāfaẓa amānat al-ʿāṣima (Hauptstadtdistrikt) Amanat Al Asimah
0%
Türkei İl (Provinz) Amasya
0%
Thailand Changwat (Provinz) Amnat Charoen
0%
Jemen Muḥāfaẓa (Gouvernement) Amran
0%
Vietnam Tỉnh (Provinz) An Giang
0%
Thailand Changwat (Provinz) Ang Thong
0%
China Shěng (Provinz) Anhui
0%
Jordanien Muḥāfaẓa (Gouvernement) Aqaba
0%
Kasachstan Oblystar (Region) Aqmola
0%
Armenien Mars (Provinz) Aragatsotn
0%
Armenien Mars (Provinz) Ararat
0%
Türkei İl (Provinz) Ardahan
0%
Iran Ostān (Provinz) Ardebil
0%
Malediven Distrikt (Atoll) Ari Dhekunuburi
0%
Mongolei Aimags (Provinz) Arkhangai
0%
Armenien Mars (Provinz) Armavir
0%
Syrien Muḥāfaẓa (Gouvernement) Ar-Raqqa
0%
Katar Baladiyya (Gemeinde) Ar-Rayyan
0%
Türkei İl (Provinz) Artvin
0%
Katar Baladiyya (Gemeinde) Asch-Schahaniyya
0%
Saudi-Arabien Mintaqa (Region) Asch-Scharqiyya
0%
Katar Baladiyya (Gemeinde) Asch-Shamal
0%
Oman Muḥāfaẓa (Gouvernement) Ash Sharqiyah Nord
0%
Oman Muḥāfaẓa (Gouvernement) Ash Sharqiyah Süd
0%
Saudi-Arabien Mintaqa (Region) Asir
0%
Irak Muḥāfaẓa (Gouvernement, Autonome Region Kurdistan) as-Sulaimaniya
0%
Syrien Muḥāfaẓa (Gouvernement) As-Suwaida
0%
Aserbaidschan Rayon Astara
0%
Russland Oblast (Gebiet) Astrachan
0%
Laos Khoueng (Provinz) Attapeu
0%
Türkei İl (Provinz) Aydın
0%
Irak Muḥāfaẓa (Gouvernement) Babil
0%
Afghanistan Velayat (Provinz) Badachschan
0%
Afghanistan Velayat (Provinz) Badghis
0%
Afghanistan Velayat (Provinz) Baghlan
0%
Nepal Provinz Bagmati
0%
Myanmar Region Bago
0%
Kasachstan Republikalyq mangysy bar qala (Stadt) Baikonur
0%
Aserbaidschan Rayon Balakan
0%
Afghanistan Velayat (Provinz) Balch
0%
Türkei İl (Provinz) Balıkesir
0%
Jordanien Muḥāfaẓa (Gouvernement) Balqa
0%
Philippinen Autonome Region Bangsamoro
0%
Kambodscha Khet (Provinz) Banteay Meanchey
0%
Aserbaidschan Rayon Barda
0%
Vietnam Tỉnh (Provinz) Bà Rịa-Vũng Tàu
0%
Bangladesch Bibhag (Division) Barishal
0%
Türkei İl (Provinz) Bartın
0%
Russland Respublika (Republik) Baschkortostan
0%
Kirgistan Oblus (Gebiet) Batken
0%
Türkei İl (Provinz) Batman
0%
Kambodscha Khet (Provinz) Battambang
0%
Osttimor Município (Gemeinde) Baucau
0%
Mongolei Aimags (Provinz) Bayankhongor
0%
Mongolei Aimags (Provinz) Bayan-Ulgii
0%
Türkei İl (Provinz) Bayburt
0%
Vietnam Tỉnh (Provinz) Bắc Giang
0%
Vietnam Tỉnh (Provinz) Bắc Kạn
0%
Vietnam Tỉnh (Provinz) Bạc Liêu
0%
Vietnam Tỉnh (Provinz) Bắc Ninh
0%
Libanon Muḥāfaẓa (Gouvernement) Bekaa
0%
Tadschikistan Wilojati muchtor (Autonome Region) Berg-Badachschan
0%
Aserbaidschan Rayon Beylagan
0%
Philippinen Rehiyon (Region) Bicol
0%
Aserbaidschan Rayon Bilasuvar
0%
Türkei İl (Provinz) Bilecik
0%
Türkei İl (Provinz) Bingöl
0%
Vietnam Tỉnh (Provinz) Bình Định
0%
Vietnam Tỉnh (Provinz) Bình Dương
0%
Vietnam Tỉnh (Provinz) Bình Phước
0%
Vietnam Tỉnh (Provinz) Bình Thuận
0%
Türkei İl (Provinz) Bitlis
0%
Vietnam Tỉnh (Provinz) Bến Tre
0%
Osttimor Município (Gemeinde) Bobonaro
0%
Laos Khoueng (Provinz) Bokeo
0%
Laos Khoueng (Provinz) Bolikhamsai
0%
Türkei İl (Provinz) Bolu
0%
Papua-Neuguinea Autonomous Region (Autonome Region) Bougainville
0%
Russland Oblast (Gebiet) Brjansk
0%
Thailand Changwat (Provinz) Bueng Kan
0%
Mongolei Aimags (Provinz) Bulgan
0%
Bhutan Dzongkhag (Distrikt) Bumthang
0%
Türkei İl (Provinz) Burdur
0%
Thailand Changwat (Provinz) Buriram
0%
Iran Ostān (Provinz) Bushehr
0%
Usbekistan Viloyatlar (Provinz) Buxoro
0%
Philippinen Rehiyon (Region) Cagayan Valley
0%
Vietnam Tỉnh (Provinz) Cà Mau
0%
Türkei İl (Provinz) Çanakkale
0%
Türkei İl (Provinz) Çankırı
0%
Vietnam Tỉnh (Provinz) Cao Bằng
0%
Philippinen Rehiyon (Region) Caraga
0%
Papua-Neuguinea Province (Provinz) Central
0%
Sri Lanka Paḷāta (Provinz) Central
0%
Philippinen Rehiyon (Region) Central Luzon
0%
Singapur Community Development Council-Distrikt Central Singapore
0%
Philippinen Rehiyon (Region) Central Visayas
0%
Thailand Changwat (Provinz) Chachoengsao
0%
Nordkorea Provinz Chagang
0%
Thailand Changwat (Provinz) Chai Nat
0%
Thailand Changwat (Provinz) Chaiyaphum
0%
Laos Khoueng (Provinz) Champasak
0%
Taiwan Xiàn (Landkreis) Changhua
0%
Aserbaidschan Şəhər (Stadt) Chankändi
0%
Thailand Changwat (Provinz) Chanthaburi
0%
Tadschikistan Wilojatho (Provinz) Chatlon
0%
Russland Oblast (Gebiet) Chelyabinsk
0%
Thailand Changwat (Provinz) Chiang Mai
0%
Thailand Changwat (Provinz) Chiang Rai
0%
Taiwan Stadt Chiayi
0%
Taiwan Xiàn (Landkreis) Chiayi
0%
Japan Präfektur Chiba
0%
Papua-Neuguinea Province (Provinz) Chimbu
0%
Thailand Changwat (Provinz) Chonburi
0%
China Zhíxiáshì (provinzfreie Stadt) Chongqing
0%
Afghanistan Velayat (Provinz) Chost
0%
Bhutan Dzongkhag (Distrikt) Chukha
0%
Thailand Changwat (Provinz) Chumphon
0%
Südkorea Do (Provinz) Chungcheongbuk
0%
Südkorea Do (Provinz) Chungcheongnam
0%
Vietnam Stadt Cần Thơ
0%
Philippinen Rehiyon (Region) Cordillera
0%
Türkei İl (Provinz) Çorum
0%
Osttimor Município (Gemeinde) Covalima
0%
Bhutan Dzongkhag (Distrikt) Dagana
0%
Irak Muḥāfaẓa (Gouvernement, Autonome Region Kurdistan) Dahuk
0%
Afghanistan Velayat (Provinz) Daikondi
0%
Vietnam Stadt Đà Nẵng
0%
Myanmar Autonome Region Danu
0%
Syrien Muḥāfaẓa (Gouvernement) Darʿā
0%
Mongolei Aimags (Provinz) Darkhan-Uul
0%
Aserbaidschan Rayon Daşkasan
0%
Turkmenistan Welaýat (Distrikt) Daşoguz
0%
Philippinen Rehiyon (Region) Davao
0%
Syrien Muḥāfaẓa (Gouvernement) Deir ez-Zor
0%
Jemen Muḥāfaẓa (Gouvernement) Dhale
0%
Jemen Muḥāfaẓa (Gouvernement) Dhamār
0%
Irak Muḥāfaẓa (Gouvernement) Dhi Qar
0%
Oman Muḥāfaẓa (Gouvernement) Dhofar
0%
Vietnam Tỉnh (Provinz) Điện Biên
0%
Tadschikistan Region Direkt von der Zentralregierung verwalteter Distrikt
0%
Irak Muḥāfaẓa (Gouvernement) Diyala
0%
Vietnam Tỉnh (Provinz) Đắk Lắk
0%
Vietnam Tỉnh (Provinz) Đắk Nông
0%
Vietnam Tỉnh (Provinz) Đồng Nai
0%
Vietnam Tỉnh (Provinz) Đồng Tháp
0%
Mongolei Aimags (Provinz) Dornogovi
0%
Kirgistan Oblus (Gebiet) Dschalal-Abad
0%
Jordanien Muḥāfaẓa (Gouvernement) Dscharasch
0%
Saudi-Arabien Mintaqa (Region) Dschāzān
0%
Afghanistan Velayat (Provinz) Dschuzdschan
0%
Mongolei Aimags (Provinz) Dundgovi
0%
Türkei İl (Provinz) Düzce
0%
Papua-Neuguinea Province (Provinz) Eastern Highlands
0%
Philippinen Rehiyon (Region) Eastern Visayas
0%
Papua-Neuguinea Province (Provinz) East New Britain
0%
Papua-Neuguinea Province (Provinz) East Sepik
0%
Japan Präfektur Ehime
0%
Türkei İl (Provinz) Elazığ
0%
Papua-Neuguinea Province (Provinz) Enga
0%
Osttimor Município (Gemeinde) Ermera
0%
Türkei İl (Provinz) Eskişehir
0%
Malediven Distrikt (Atoll) Faadhippolhu
0%
Zypern Baf (Bezirk) Famagusta
0%
Afghanistan Velayat (Provinz) Farah
0%
Usbekistan Viloyatlar (Provinz) Fargʻona
0%
Afghanistan Velayat (Provinz) Faryab
0%
Malediven Distrikt (Atoll) Felidhu
0%
China Shěng (Provinz) Fujian
0%
Japan Präfektur Fukui
0%
Malediven Stadt Fuvahmulah
0%
Aserbaidschan Rayon Füzüli
0%
Aserbaidschan Rayon Gadabay
0%
Nepal Provinz Gandaki
0%
Aserbaidschan Şəhər (Stadt) Gandscha
0%
Südkorea Teukbyeol-jachi-do (Sonderautonomieprovinz) Gangwon
0%
China Shěng (Provinz) Gansu
0%
Bhutan Dzongkhag (Distrikt) Gasa
0%
Türkei İl (Provinz) Gaziantep
0%
Armenien Mars (Provinz) Gegharkunik
0%
Afghanistan Velayat (Provinz) Ghazni
0%
Vietnam Tỉnh (Provinz) Gia Lai
0%
Japan Präfektur Gifu
0%
Iran Ostān (Provinz) Gilān
0%
Türkei İl (Provinz) Giresun
0%
Aserbaidschan Rayon Gobustan
0%
Iran Ostān (Provinz) Golestān
0%
Aserbaidschan Rayon Goranboy
0%
Mongolei Aimags (Provinz) Govisumber
0%
Aserbaidschan Rayon Göyçay
0%
Aserbaidschan Rayon Göygöl
0%
China Zìzhìqū (Autonome Region) Guangxi
0%
China Shěng (Provinz) Guizhou
0%
Papua-Neuguinea Province (Provinz) Gulf
0%
Türkei İl (Provinz) Gümüşhane
0%
Japan Präfektur Gunma
0%
Georgien Mchareebi (Region) Gurien
0%
Südkorea Gwangyeoksi (Grossstadt) Gwangju
0%
Südkorea Do (Provinz) Gyeonggi
0%
Südkorea Do (Provinz) Gyeongsangbuk
0%
Südkorea Do (Provinz) Gyeongsangnam
0%
Bhutan Dzongkhag (Distrikt) Haa
0%
Jemen Muḥāfaẓa (Gouvernement) Haddscha
0%
Jemen Muḥāfaẓa (Gouvernement) Hadramaut
0%
Vietnam Tỉnh (Provinz) Hà Giang
0%
Malediven Distrikt (Atoll) Hahdhunmathi
0%
Saudi-Arabien Mintaqa (Region) Ha'il
0%
Aserbaidschan Rayon Hajigabul
0%
Türkei İl (Provinz) Hakkâri
0%
Irak Muḥāfaẓa (Gouvernement, Autonome Region Kurdistan) Halabdscha
0%
Nordkorea Provinz Hamgyŏng-namdo
0%
Nordkorea Provinz Hamgyŏng-pukto
0%
Vietnam Tỉnh (Provinz) Hà Nam
0%
Vietnam Stadt Hà Nội
0%
Türkei İl (Provinz) Hatay
0%
Vietnam Tỉnh (Provinz) Hà Tĩnh
0%
Kuwait Muḥāfaẓa (Gouvernement) Hawalli
0%
Vietnam Stadt Hồ Chí Minh
0%
China Shěng (Provinz) Hebei
0%
China Shěng (Provinz) Heilongjiang
0%
Papua-Neuguinea Province (Provinz) Hela
0%
Afghanistan Velayat (Provinz) Helmand
0%
China Shěng (Provinz) Henan
0%
Vietnam Tỉnh (Provinz) Hải Dương
0%
Vietnam Stadt Hải Phòng
0%
Vietnam Tỉnh (Provinz) Hòa Bình
0%
Iran Ostān (Provinz) Hormozgān
0%
Laos Khoueng (Provinz) Houaphan
0%
Taiwan Stadt Hsinchu
0%
Taiwan Xiàn (Landkreis) Hsinchu
0%
Taiwan Xiàn (Landkreis) Hualien
0%
Vietnam Tỉnh (Provinz) Hậu Giang
0%
China Shěng (Provinz) Hunan
0%
Vietnam Tỉnh (Provinz) Hưng Yên
0%
Malediven Distrikt (Atoll) Huvadhu
0%
Malediven Distrikt (Atoll) Huvadhu Dhekunuburi
0%
Nordkorea Provinz Hwanghae-namdo
0%
Nordkorea Provinz Hwanghae-pukto
0%
Japan Präfektur Hyōgo
0%
Japan Präfektur Ibaraki
0%
Jemen Muḥāfaẓa (Gouvernement) Ibb
0%
Syrien Muḥāfaẓa (Gouvernement) Idlib
0%
Türkei İl (Provinz) Iğdır
0%
Iran Ostān (Provinz) Ilām
0%
Philippinen Rehiyon (Region) Ilocos
0%
Georgien Mchareebi (Region) Imeretien
0%
Aserbaidschan Rayon İmişli
0%
Russland Respublika (Republik) Inguschetien
0%
Georgien Mchareebi (Region) Innerkartlien
0%
Myanmar Region Irawadi
0%
Japan Präfektur Ishikawa
0%
Aserbaidschan Rayon Ismayilli
0%
Türkei İl (Provinz) Isparta
0%
Russland Oblast (Gebiet) Iwanowo
0%
Japan Präfektur Iwate
0%
Aserbaidschan Rayon Jabrayil
0%
Aserbaidschan Rayon Jalilabad
0%
Südkorea Do (Provinz) Jeollabuk
0%
Südkorea Do (Provinz) Jeollanam
0%
Aserbaidschan Şəhər (Stadt) Jewlach
0%
China Shěng (Provinz) Jiangsu
0%
China Shěng (Provinz) Jiangxi
0%
Papua-Neuguinea Province (Provinz) Jiwaka
0%
Usbekistan Viloyatlar (Provinz) Jizzax
0%
Malaysia Negeri (Bundesstaat) Johor
0%
Russland Respublika (Republik) Kabardino-Balkarien
0%
Georgien Mchareebi (Region) Kachetien
0%
Myanmar Staat Kachin
0%
Nordkorea Besondere Verwaltungsregion Kaesong
0%
Japan Präfektur Kagawa
0%
Japan Präfektur Kagoshima
0%
Türkei İl (Provinz) Kahramanmaraş
0%
Thailand Changwat (Provinz) Kalasin
0%
Aserbaidschan Rayon Kalbajar
0%
Russland Respublika (Republik) Kalmückien
0%
Russland Oblast (Gebiet) Kaluga
0%
Thailand Changwat (Provinz) Kamphaeng Phet
0%
Kambodscha Khet (Provinz) Kampong Cham
0%
Kambodscha Khet (Provinz) Kampong Chhnang
0%
Kambodscha Khet (Provinz) Kampong Speu
0%
Kambodscha Khet (Provinz) Kampong Thom
0%
Kambodscha Khet (Provinz) Kampot
0%
Russland Kraj (Region) Kamtschatka
0%
Japan Präfektur Kanagawa
0%
Thailand Changwat (Provinz) Kanchanaburi
0%
Kambodscha Khet (Provinz) Kandal
0%
Nordkorea Provinz Kangwŏn
0%
Afghanistan Velayat (Provinz) Kapisa
0%
Türkei İl (Provinz) Karabük
0%
Usbekistan Respublika (Autonome Republik) Karakalpakistan
0%
Türkei İl (Provinz) Karaman
0%
Russland Respublika (Republik) Karatschai-Tscherkessien
0%
Russland Respublika (Republik) Karelien
0%
Nepal Provinz Karnali
0%
Türkei İl (Provinz) Kastamonu
0%
Myanmar Staat Kayah
0%
Myanmar Staat Kayin
0%
Malaysia Negeri (Bundesstaat) Kedah
0%
Taiwan Stadt Keelung
0%
Malaysia Negeri (Bundesstaat) Kelantan
0%
Kambodscha Khet (Provinz) Kep
0%
Irak Muḥāfaẓa (Gouvernement) Kerbela
0%
Libanon Muḥāfaẓa (Gouvernement) Keserwan-Jbeil
0%
Aserbaidschan Rayon Khachmaz
0%
Laos Khoueng (Provinz) Khammouan
0%
Vietnam Tỉnh (Provinz) Khánh Hòa
0%
Mongolei Aimags (Provinz) Khentii
0%
Aserbaidschan Rayon Khizi
0%
Aserbaidschan Rayon Khojaly
0%
Aserbaidschan Rayon Khojavend
0%
Thailand Changwat (Provinz) Khon Kaen
0%
Mongolei Aimags (Provinz) Khovd
0%
Mongolei Aimags (Provinz) Khövsgöl
0%
Vietnam Tỉnh (Provinz) Kiên Giang
0%
Türkei İl (Provinz) Kilis
0%
Taiwan Xiàn (Landkreis) Kinmen
0%
Türkei İl (Provinz) Kırıkkale
0%
Türkei İl (Provinz) Kırklareli
0%
Türkei İl (Provinz) Kırşehir
0%
Türkei İl (Provinz) Kocaeli
0%
Japan Präfektur Kōchi
0%
Iran Ostān (Provinz) Kohgiluye und Boyer-Ahmad
0%
Kambodscha Khet (Provinz) Koh Kong
0%
Myanmar Autonome Region Kokang
0%
Malediven Distrikt (Atoll) Kolhumadulu
0%
Vietnam Tỉnh (Provinz) Kon Tum
0%
Nepal Provinz Koshi
0%
Russland Oblast (Gebiet) Kostroma
0%
Armenien Mars (Provinz) Kotajk
0%
Thailand Changwat (Provinz) Krabi
0%
Kambodscha Khet (Provinz) Kratie
0%
Russland Autonome Republik Krim
0%
Japan Präfektur Kumamoto
0%
Afghanistan Velayat (Provinz) Kunar
0%
Aserbaidschan Rayon Kurdamir
0%
Türkei İl (Provinz) Kütahya
0%
Zypern Baf (Bezirk) Kyrenia
0%
Malaysia Wilayah persekutuan (Bundesterritorium) Labuan
0%
Aserbaidschan Rayon Lachin
0%
Afghanistan Velayat (Provinz) Laghman
0%
Jemen Muḥāfaẓa (Gouvernement) Lahidsch
0%
Vietnam Tỉnh (Provinz) Lai Châu
0%
Vietnam Tỉnh (Provinz) Lâm Đồng
0%
Thailand Changwat (Provinz) Lampang
0%
Thailand Changwat (Provinz) Lamphun
0%
Aserbaidschan Şəhər (Stadt) Länkäran
0%
Aserbaidschan Rayon Lankaran
0%
Vietnam Tỉnh (Provinz) Lào Cai
0%
Zypern Baf (Bezirk) Larnaka
0%
Osttimor Município (Gemeinde) Lautém
0%
Turkmenistan Welaýat (Distrikt) Lebap
0%
Aserbaidschan Rayon Lerik
0%
Bhutan Dzongkhag (Distrikt) Lhuntse
0%
Taiwan Xiàn (Landkreis) Lianchiang
0%
China Shěng (Provinz) Liaoning
0%
Libanon Muḥāfaẓa (Gouvernement) Libanonberg
0%
Zypern Baf (Bezirk) Limassol
0%
Russland Oblast (Gebiet) Lipezk
0%
Osttimor Município (Gemeinde) Liquiçá
0%
Vietnam Tỉnh (Provinz) Lạng Sơn
0%
Thailand Changwat (Provinz) Loei
0%
Afghanistan Velayat (Provinz) Logar
0%
Vietnam Tỉnh (Provinz) Long An
0%
Thailand Changwat (Provinz) Lopburi
0%
Iran Ostān (Provinz) Lorestān
0%
Armenien Mars (Provinz) Lori
0%
Laos Khoueng (Provinz) Luang Namtha
0%
Laos Khoueng (Provinz) Luang Prabang
0%
Nepal Provinz Lumbini
0%
Jordanien Muḥāfaẓa (Gouvernement) Ma'an
0%
Jordanien Muḥāfaẓa (Gouvernement) Madaba
0%
Papua-Neuguinea Province (Provinz) Madang
0%
Nepal Provinz Madhesh
0%
Thailand Changwat (Provinz) Mae Hong Son
0%
Jordanien Muḥāfaẓa (Gouvernement) Mafraq
0%
Myanmar Region Magway
0%
Thailand Changwat (Provinz) Maha Sarakham
0%
Bangladesch Bibhag (Division) Maimansingh
0%
Irak Muḥāfaẓa (Gouvernement) Maisan
0%
Malaysia Negeri (Bundesstaat) Malacca
0%
Türkei İl (Provinz) Malatya
0%
Osttimor Município (Gemeinde) Manatuto
0%
Kasachstan Oblystar (Region) Mangghystau
0%
Türkei İl (Provinz) Manisa
0%
Osttimor Município (Gemeinde) Manufahi
0%
Papua-Neuguinea Province (Provinz) Manus
0%
Jemen Muḥāfaẓa (Gouvernement) Ma'rib
0%
Russland Respublika (Republik) Mari El
0%
Iran Ostān (Provinz) Markazi
0%
Aserbaidschan Rayon Masally
0%
Iran Ostān (Provinz) Mazandaran
0%
Taiwan Xiàn (Landkreis) Miaoli
0%
Japan Präfektur Mie
0%
Malediven Distrikt (Atoll) Miladhunmadulu Dhekunuburi
0%
Malediven Distrikt (Atoll) Miladhunmadulu Uthuruburi
0%
Papua-Neuguinea Province (Provinz) Milne Bay
0%
Aserbaidschan Şəhər (Stadt) Mingätschewir
0%
Georgien Mchareebi (Region) Mingrelien und Oberswanetien
0%
Japan Präfektur Miyagi
0%
Japan Präfektur Miyazaki
0%
Kambodscha Khet (Provinz) Mondulkiri
0%
Bhutan Dzongkhag (Distrikt) Mongar
0%
Russland Respublika (Republik) Mordowinien
0%
Papua-Neuguinea Province (Provinz) Morobe
0%
Kuwait Muḥāfaẓa (Gouvernement) Mubarak al-Kabir
0%
Türkei İl (Provinz) Muğla
0%
Bahrain Muḥāfaẓa (Gouvernement) Muharraq
0%
Thailand Changwat (Provinz) Mukdahan
0%
Malediven Distrikt (Atoll) Mulaku
0%
Oman Muḥāfaẓa (Gouvernement) Musandam
0%
Georgien Mchareebi (Region) Mzcheta-Mtianeti
0%
Libanon Muḥāfaẓa (Gouvernement) Nabatäa
0%
Aserbaidschan Muxtar Respublika (Republik) Nachitschewan
0%
Irak Muḥāfaẓa (Gouvernement) Nadschaf
0%
Saudi-Arabien Mintaqa (Region) Nadschran
0%
Aserbaidschan Şəhər (Stadt) Naftalan
0%
Japan Präfektur Nagano
0%
Thailand Changwat (Provinz) Nakhon Nayok
0%
Thailand Changwat (Provinz) Nakhon Pathom
0%
Thailand Changwat (Provinz) Nakhon Phanom
0%
Thailand Changwat (Provinz) Nakhon Ratchasima
0%
Thailand Changwat (Provinz) Nakhon Sawan
0%
Thailand Changwat (Provinz) Nakhon Si Thammarat
0%
Usbekistan Viloyatlar (Provinz) Namangan
0%
Vietnam Tỉnh (Provinz) Nam Định
0%
Nordkorea Besondere Stadt Nampo
0%
Afghanistan Velayat (Provinz) Nangarhar
0%
Taiwan Xiàn (Landkreis) Nantou
0%
Japan Präfektur Nara
0%
Thailand Changwat (Provinz) Narathiwat
0%
Kirgistan Oblus (Gebiet) Naryn
0%
Usbekistan Viloyatlar (Provinz) Navoiy
0%
Aserbaidschan Rayon Neftçala
0%
Malaysia Negeri (Bundesstaat) Negeri Sembilan
0%
Taiwan Stadt Neu-Taipeh
0%
Türkei İl (Provinz) Nevşehir
0%
Papua-Neuguinea Province (Provinz) New Ireland
0%
Vietnam Tỉnh (Provinz) Nghệ An
0%
Georgien Mchareebi (Region) Niederkartlien
0%
Türkei İl (Provinz) Niğde
0%
Malediven Distrikt (Atoll) Nilandhé Dhekunuburi
0%
Malediven Distrikt (Atoll) Nilandhé Uthuruburi
0%
Afghanistan Velayat (Provinz) Nimruz
0%
Irak Muḥāfaẓa (Gouvernement) Ninawa
0%
China Zìzhìqū (Autonome Region) Ningxia
0%
Vietnam Tỉnh (Provinz) Ninh Bình
0%
Vietnam Tỉnh (Provinz) Ninh Thuận
0%
Russland Oblast (Gebiet) Nischni Nowgorod
0%
Thailand Changwat (Provinz) Nong Bua Lamphu
0%
Thailand Changwat (Provinz) Nong Khai
0%
Thailand Changwat (Provinz) Nonthaburi
0%
Iran Ostān (Provinz) Nord-Chorāsān
0%
Kasachstan Oblystar (Region) Nordkasachstan
0%
Libanon Muḥāfaẓa (Gouvernement) Nord-Libanon
0%
Malediven Distrikt (Atoll) Nord-Maalhosmadulu
0%
Russland Respublika (Republik) Nordossetien-Alanien
0%
Sri Lanka Paḷāta (Provinz) North Central
0%
Philippinen Rehiyon (Region) Northern Mindanao
0%
Russland Oblast (Gebiet) Nowgorod
0%
Afghanistan Velayat (Provinz) Nuristan
0%
Kambodscha Khet (Provinz) Oddar Meanchey
0%
Osttimor Município (Gemeinde) Oecusse
0%
Aserbaidschan Rayon Oğuz
0%
Japan Präfektur Ōita
0%
Japan Präfektur Okayama
0%
Mongolei Aimags (Provinz) Ömnögovi
0%
Türkei İl (Provinz) Ordu
0%
Russland Oblast (Gebiet) Orjol
0%
Mongolei Aimags (Provinz) Orkhon
0%
Türkei İl (Provinz) Osmaniye
0%
Iran Ostān (Provinz) Ost-Aserbaidschan
0%
Kasachstan Oblystar (Region) Ostkasachstan
0%
Laos Khoueng (Provinz) Oudomxay
0%
Mongolei Aimags (Provinz) Övörkhangai
0%
Malaysia Negeri (Bundesstaat) Pahang
0%
Kambodscha Khet (Provinz) Pailin
0%
Afghanistan Velayat (Provinz) Paktia
0%
Afghanistan Velayat (Provinz) Paktika
0%
Myanmar Autonome Region Pa Laung
0%
Afghanistan Velayat (Provinz) Pandschschir
0%
Myanmar Autonome Region Pa'O
0%
Bhutan Dzongkhag (Distrikt) Paro
0%
Afghanistan Velayat (Provinz) Parwan
0%
Thailand Changwat (Provinz) Pathum Thani
0%
Thailand Changwat (Provinz) Pattani
0%
Kasachstan Oblystar (Region) Pawlodar
0%
Bhutan Dzongkhag (Distrikt) Pemagatshel
0%
Malaysia Negeri (Bundesstaat) Penang
0%
Taiwan Xiàn (Landkreis) Penghu
0%
Russland Oblast (Gebiet) Pensa
0%
Malaysia Negeri (Bundesstaat) Perak
0%
Malaysia Negeri (Bundesstaat) Perlis
0%
Thailand Changwat (Provinz) Phang Nga
0%
Thailand Changwat (Provinz) Phatthalung
0%
Thailand Changwat (Provinz) Phayao
0%
Thailand Changwat (Provinz) Phetchabun
0%
Thailand Changwat (Provinz) Phetchaburi
0%
Thailand Changwat (Provinz) Phichit
0%
Thailand Changwat (Provinz) Phitsanulok
0%
Laos Khoueng (Provinz) Phongsali
0%
Thailand Changwat (Provinz) Phrae
0%
Thailand Changwat (Provinz) Phra Nakhon Si Ayutthaya
0%
Vietnam Tỉnh (Provinz) Phú Thọ
0%
Vietnam Tỉnh (Provinz) Phú Yên
0%
Taiwan Xiàn (Landkreis) Pingtung
0%
Thailand Changwat (Provinz) Prachinburi
0%
Thailand Changwat (Provinz) Prachuap Khiri Khan
0%
Kambodscha Khet (Provinz) Preah Sihanouk
0%
Kambodscha Khet (Provinz) Preah Vihear
0%
Kambodscha Khet (Provinz) Prey Veng
0%
Russland Oblast (Gebiet) Pskow
0%
Bhutan Dzongkhag (Distrikt) Punakha
0%
Kambodscha Khet (Provinz) Pursat
0%
Malaysia Wilayah persekutuan (Bundesterritorium) Putrajaya
0%
Nordkorea Provinz P’yŏngan-namdo
0%
Nordkorea Provinz P’yŏngan-pukto
0%
Aserbaidschan Rayon Qabala
0%
Kasachstan Oblystar (Region) Qaraghandy
0%
Usbekistan Viloyatlar (Provinz) Qashqadaryo
0%
Aserbaidschan Rayon Qax
0%
Aserbaidschan Rayon Qazax
0%
Iran Ostān (Provinz) Qazwin
0%
China Shěng (Provinz) Qinghai
0%
Kasachstan Oblystar (Region) Qostanai
0%
Aserbaidschan Rayon Quba
0%
Aserbaidschan Rayon Qubadli
0%
Syrien Muḥāfaẓa (Gouvernement) Quneitra
0%
Vietnam Tỉnh (Provinz) Quảng Bình
0%
Vietnam Tỉnh (Provinz) Quảng Nam
0%
Vietnam Tỉnh (Provinz) Quảng Ngãi
0%
Vietnam Tỉnh (Provinz) Quảng Ninh
0%
Vietnam Tỉnh (Provinz) Quảng Trị
0%
Aserbaidschan Rayon Qusar
0%
Kasachstan Oblystar (Region) Qysylorda
0%
Jemen Muḥāfaẓa (Gouvernement) Raima
0%
Bangladesch Bibhag (Division) Rajshahi
0%
Myanmar Staat Rakhaing
0%
Bangladesch Bibhag (Division) Rangpur
0%
Thailand Changwat (Provinz) Ranong
0%
Vereinigte Arabische Emirate Imārat (Emirat) Ra’s al-Chaima
0%
Nordkorea Besondere Stadt Rason
0%
Kambodscha Khet (Provinz) Ratanakiri
0%
Thailand Changwat (Provinz) Ratchaburi
0%
Georgien Mchareebi (Region) Ratscha-Letschchumi und Niederswanetien
0%
Thailand Changwat (Provinz) Rayong
0%
Iran Ostān (Provinz) Razavi-Chorāsān
0%
Syrien Muḥāfaẓa (Gouvernement) Rif Dimaschq
0%
Türkei İl (Provinz) Rize
0%
Russland Oblast (Gebiet) Rjasan
0%
Thailand Changwat (Provinz) Roi Et
0%
Nordkorea Provinz Ryanggang
0%
Aserbaidschan Rayon Saatly
0%
Malaysia Negeri (Bundesstaat) Sabah
0%
Sri Lanka Paḷāta (Provinz) Sabaragamuwa
0%
Aserbaidschan Rayon Sabirabad
0%
Aserbaidschan Rayon Şabran
0%
Jemen Muḥāfaẓa (Gouvernement) Sa'da
0%
Japan Präfektur Saga
0%
Myanmar Region Sagaing
0%
Laos Khoueng (Provinz) Sainyabuli
0%
Japan Präfektur Saitama
0%
Thailand Changwat (Provinz) Sa Kaeo
0%
Türkei İl (Provinz) Sakarya
0%
Thailand Changwat (Provinz) Sakon Nakhon
0%
Irak Muḥāfaẓa (Gouvernement) Salah ad-Din
0%
Laos Khoueng (Provinz) Salavan
0%
Aserbaidschan Rayon Salyan
0%
Afghanistan Velayat (Provinz) Samangan
0%
Bhutan Dzongkhag (Distrikt) Samdrup Jongkhar
0%
Bhutan Dzongkhag (Distrikt) Samtse
0%
Thailand Changwat (Provinz) Samut Prakan
0%
Thailand Changwat (Provinz) Samut Sakhon
0%
Thailand Changwat (Provinz) Samut Songkhram
0%
Aserbaidschan Rayon Samux
0%
Papua-Neuguinea Province (Provinz) Sandaun
0%
Thailand Changwat (Provinz) Saraburi
0%
Malaysia Negeri (Bundesstaat) Sarawak
0%
Afghanistan Velayat (Provinz) Sar-i Pul
0%
Bhutan Dzongkhag (Distrikt) Sarpang
0%
Thailand Changwat (Provinz) Satun
0%
Laos Khoueng (Provinz) Savannakhet
0%
Laos Khoueng (Provinz) Saysomboun
0%
Jemen Muḥāfaẓa (Gouvernement) Schabwa
0%
Aserbaidschan Şəhər (Stadt) Schäki
0%
Kasachstan Oblystar (Region) Schambyl
0%
Vereinigte Arabische Emirate Imārat (Emirat) Schardscha
0%
Aserbaidschan Rayon Scheki
0%
Armenien Mars (Provinz) Schirak
0%
Südkorea Teukbyeol-jachi-si (Sonderautonomiestadt) Sejong
0%
Laos Khoueng (Provinz) Sekong
0%
Malaysia Negeri (Bundesstaat) Selangor
0%
Mongolei Aimags (Provinz) Selenge
0%
Iran Ostān (Provinz) Semnan
0%
Russland Stadt Sewastopol
0%
Aserbaidschan Rayon Shamkir
0%
China Shěng (Provinz) Shandong
0%
Aserbaidschan Rayon Shemakhi
0%
Japan Präfektur Shiga
0%
Japan Präfektur Shimane
0%
Aserbaidschan Rayon Shusha
0%
Kambodscha Khet (Provinz) Siem Reap
0%
Türkei İl (Provinz) Siirt
0%
Thailand Changwat (Provinz) Sing Buri
0%
Türkei İl (Provinz) Sinop
0%
Usbekistan Viloyatlar (Provinz) Sirdaryo
0%
Türkei İl (Provinz) Şırnak
0%
Aserbaidschan Şəhər (Stadt) Şirvan
0%
Thailand Changwat (Provinz) Sisaket
0%
Aserbaidschan Rayon Siyazan
0%
Armenien Mars (Provinz) Sjunik
0%
Russland Oblast (Gebiet) Smolensk
0%
Philippinen Rehiyon (Region) SOCCSKSARGEN
0%
Vietnam Tỉnh (Provinz) Sóc Trăng
0%
Jemen Muḥāfaẓa (Gouvernement) Sokotra
0%
Thailand Changwat (Provinz) Songkhla
0%
Vietnam Tỉnh (Provinz) Sơn La
0%
Papua-Neuguinea Province (Provinz) Southern Highlands
0%
Philippinen Rehiyon (Region) Southern Tagalog Mainland
0%
Philippinen Rehiyon (Region) Southwestern Tagalog
0%
Russland Territorium Stawropol
0%
Kambodscha Khet (Provinz) Stung Treng
0%
Iran Ostān (Provinz) Süd-Chorāsān
0%
Libanon Muḥāfaẓa (Gouvernement) Süd-Libanon
0%
Tadschikistan Wilojatho (Provinz) Sughd
0%
Mongolei Aimags (Provinz) Sukhbaatar
0%
Thailand Changwat (Provinz) Sukhothai
0%
Indonesien Propinsi (Provinz) Sulawesi Tenggara
0%
Aserbaidschan Şəhər (Stadt) Sumgait
0%
Thailand Changwat (Provinz) Suphan Buri
0%
Usbekistan Viloyatlar (Provinz) Surxondaryo
0%
Kambodscha Khet (Provinz) Svay Rieng
0%
Bangladesch Bibhag (Division) Sylhet
0%
Afghanistan Velayat (Provinz) Tachar
0%
Jordanien Muḥāfaẓa (Gouvernement) Tafilah
0%
Taiwan Xiàn (Landkreis) Taitung
0%
Jemen Muḥāfaẓa (Gouvernement) Taʿizz
0%
Thailand Changwat (Provinz) Tak
0%
Kambodscha Khet (Provinz) Takeo
0%
Kirgistan Oblus (Gebiet) Talas
0%
Russland Oblast (Gebiet) Tambow
0%
Myanmar Region Tanintharyi
0%
Aserbaidschan Rayon Tartar
0%
Syrien Muḥāfaẓa (Gouvernement) Tartus
0%
Armenien Mars (Provinz) Tawusch
0%
Vietnam Tỉnh (Provinz) Tây Ninh
0%
Kambodscha Khet (Provinz) Tbong Khmum
0%
Malaysia Negeri (Bundesstaat) Terengganu
0%
Vietnam Tỉnh (Provinz) Thái Bình
0%
Vietnam Tỉnh (Provinz) Thái Nguyên
0%
Vietnam Tỉnh (Provinz) Thanh Hóa
0%
Vietnam Tỉnh (Provinz) Thừa Thiên-Huế
0%
Malediven Stadt Thiladhunmathi Dhekunuburi
0%
Malediven Distrikt (Atoll) Thiladhunmathi Uthuruburi
0%
Vietnam Tỉnh (Provinz) Tiền Giang
0%
Japan Präfektur Tochigi
0%
Türkei İl (Provinz) Tokat
0%
Japan Präfektur Tokushima
0%
Japan Präfektur Tottori
0%
Aserbaidschan Rayon Tovuz
0%
Japan Präfektur Toyama
0%
Thailand Changwat (Provinz) Trang
0%
Bhutan Dzongkhag (Distrikt) Trashigang
0%
Bhutan Dzongkhag (Distrikt) Trashiyangtse
0%
Thailand Changwat (Provinz) Trat
0%
Vietnam Tỉnh (Provinz) Trà Vinh
0%
Bhutan Dzongkhag (Distrikt) Trongsa
0%
Iran Ostān (Provinz) Tschahar Mahal und Bachtiyari
0%
Kirgistan Oblus (Gebiet) Tschüi
0%
Russland Respublika (Republik) Tschuwaschien
0%
Bhutan Dzongkhag (Distrikt) Tsirang
0%
Russland Oblast (Gebiet) Tula
0%
Türkei İl (Provinz) Tunceli
0%
Vietnam Tỉnh (Provinz) Tuyên Quang
0%
Thailand Changwat (Provinz) Ubon Ratchathani
0%
Aserbaidschan Rayon Ucar
0%
Thailand Changwat (Provinz) Udon Thani
0%
Russland Oblast (Gebiet) Uljanowsk
0%
Vereinigte Arabische Emirate Imārat (Emirat) Umm al-Qaiwain
0%
Afghanistan Velayat (Provinz) Urusgan
0%
Türkei İl (Provinz) Uşak
0%
Thailand Changwat (Provinz) Uthai Thani
0%
Thailand Changwat (Provinz) Uttaradit
0%
Sri Lanka Paḷāta (Provinz) Uva
0%
Mongolei Aimags (Provinz) Uvs
0%
Vietnam Tỉnh (Provinz) Vĩnh Long
0%
Vietnam Tỉnh (Provinz) Vĩnh Phúc
0%
Osttimor Município (Gemeinde) Viqueque
0%
Myanmar Division Wa
0%
Armenien Mars (Provinz) Wajoz Dsor
0%
Japan Präfektur Wakayama
0%
Bhutan Dzongkhag (Distrikt) Wangdue Phodrang
0%
Afghanistan Velayat (Provinz) Wardak
0%
Iran Ostān (Provinz) West-Aserbaidschan
0%
Papua-Neuguinea Province (Provinz) Western Highlands
0%
Philippinen Rehiyon (Region) Western Visayas
0%
Papua-Neuguinea Province (Provinz) West New Britain
0%
Russland Oblast (Gebiet) Wladimir
0%
Russland Oblast (Gebiet) Wologda
0%
Laos Khoueng (Provinz) Xieng Khouang
0%
China Zìzhìqū (Autonome Region) Xinjiang
0%
Usbekistan Viloyatlar (Provinz) Xorazm
0%
Thailand Changwat (Provinz) Yala
0%
Türkei İl (Provinz) Yalova
0%
Japan Präfektur Yamagata
0%
Japan Präfektur Yamaguchi
0%
Japan Präfektur Yamanashi
0%
Aserbaidschan Rayon Yardimli
0%
Thailand Changwat (Provinz) Yasothon
0%
Vietnam Tỉnh (Provinz) Yên Bái
0%
Aserbaidschan Rayon Yevlax
0%
Taiwan Xiàn (Landkreis) Yilan
0%
Türkei İl (Provinz) Yozgat
0%
Kirgistan Oblus (Gebiet) Yssyk-Köl
0%
Taiwan Xiàn (Landkreis) Yunlin
0%
Afghanistan Velayat (Provinz) Zabul
0%
Aserbaidschan Rayon Zagatala
0%
Philippinen Rehiyon (Region) Zamboanga Peninsula
0%
Iran Ostān (Provinz) Zandschān
0%
Aserbaidschan Rayon Zangilan
0%
Aserbaidschan Rayon Zardab
0%
Mongolei Aimags (Provinz) Zavkhan
0%
China Shěng (Provinz) Zhejiang
0%
Bhutan Dzongkhag (Distrikt) Zhemgang
0%
Türkei İl (Provinz) Zonguldak
0%
Keine übereinstimmenden Quizze gefunden
Verteilung der Resultate
Anzahl Personen mit jedem Resultat
Perzentil nach korrekt beantworteten Fragen
Ihre Resultats-Entwicklung
Sie haben dieses Quiz noch nicht gespielt